[Event "Vaxjo op"]
[Site "Vaxjo"]
[Date "2023.02.10"]
[Round "1"]
[White "Karavidas, Georg"]
[Black "Trost, Edvin"]
[Result "0-1"]
[WhiteElo "1803"]
[BlackElo "2364"]
[PlyCount "54"]
[EventDate "2023.02.10"]
[EventType "swiss"]
[EventRounds "8"]
[EventCountry "SWE"]
[SourceTitle "CBM 212 Extra"]
[Source "ChessBase"]
[SourceDate "2023.03.31"]
[SourceVersion "1"]
[SourceVersionDate "2023.03.31"]
[SourceQuality "1"]

1. e4 g6 2. d4 Bg7 3. Nc3 d6 4. h3 Nf6 5. Nf3 0-0 6. Be3 a6 7. a4 Nc6 8. Bc4 Nd7 9. a5 h6 10. 0-0 e5 11. Qd2 Kh7 12. Rfd1 f5 13. dxe5 Ndxe5 14. Nxe5 Nxe5 15. Bb3 Qh4 16. exf5 Bxf5 17. Ra4 Qd8 18. Kf1 Bd7 19. Rb4 Nc6 20. Ra4 Rf5 21. Bd5 Ne7 22. Be4 Bxa4 23. Bxf5 Nxf5 24. Nxa4 Qh4 25. Qe2 Qxa4 26. Qf3 Rf8 27. Qxb7 Nxe3+ 0-1